| 000 | 00554cam a22001934a 4500 | ||
|---|---|---|---|
| 005 | 20250605163554.0 | ||
| 008 | 250528s ||||||||||||||||||||||||d | ||
| 035 | _a21997 | ||
| 020 | _a9789602185766 | ||
| 040 |
_aGR-AtMCL _bgre _dGR-AtMCL _eAACR2 |
||
| 245 | 1 | _aΔΙΟΙΚΗΣΗ ΑΝΘΡΩΠΙΝΟΥ ΔΥΝΑΜΙΚΟΥ ΣΤΙΣ ΣΥΓΧΡΟΝΕΣ ΟΡΓΑΝΩΣΕΙΣ | |
| 250 | _a1 | ||
| 260 |
_bΚριτική, _c2008 |
||
| 300 | _a308 | ||
| 700 | 1 | _aΙορδανογλου Δημητρα | |
| 942 | _cBK | ||
| 999 |
_c7053 _d7053 |
||